000 00368nam a2200133 4500
005 20260217095046.0
008 260217b |||||||| |||| 00| 0 eng d
020 _a0198542887
100 _aLewin Benjamin
245 _aGenes V
_c/Benjamin Lewin
260 _aNew York;
_bOxford University Press, Oxford;
_c1994
300 _axxiv, 1272p. ill;
_c27.5cm
942 _2lcc
_n0
_cBK
999 _c161
_d161